[Event "Almaty Academy IM 6th"]
[Site "Almaty"]
[Date "2023.11.24"]
[Round "7"]
[White "Lortkipanidze, Nodar"]
[Black "Shonazarov, Orash"]
[Result "1/2-1/2"]
[WhiteElo "2390"]
[BlackElo "2276"]
[PlyCount "100"]
[EventDate "2023.11.19"]
[EventType "tourn"]
[EventRounds "9"]
[EventCountry "KAZ"]
[EventCategory "4"]
[SourceTitle "CB48_2023"]
[SourceDate "2023.11.29"]
[SourceVersion "1"]
[SourceVersionDate "2023.11.29"]
[SourceQuality "1"]

1. e4 c5 2. c3 Nf6 3. e5 Nd5 4. d4 cxd4 5. cxd4 d6 6. Nf3 e6 7. Bc4 Be7 8. 0-0 Nc6 9. Qe2 0-0 10. Nc3 Nxc3 11. bxc3 dxe5 12. dxe5 Qc7 13. Qe4 b6 14. Bd3 g6 15. Bh6 Rd8 16. Bc2 Bb7 17. Qf4 Rd5 18. Rfe1 Rc5 19. Re3 Nd8 20. Ng5 Rxc3 21. Rxc3 Qxc3 22. Rd1 Bd5 23. Bb3 Rc8 24. h4 f6 25. Rxd5 exd5 26. Bxd5+ Kh8 27. Qa4 Qe1+ 28. Kh2 Qxe5+ 29. g3 Qxd5 30. Qe8+ Qg8 31. Qxe7 Rc6 32. a3 b5 33. Qxa7 Rd6 34. Qe7 Ra6 35. Qd7 Rc6 36. Kg1 Rc1+ 37. Kg2 Rc6 38. Kh2 Rc2 39. Qd4 Rc6 40. Ne4 Re6 41. Nxf6 Nc6 42. Qb2 Qf7 43. Ng4+ Kg8 44. Be3 Kf8 45. Qh8+ Ke7 46. Nh6 Qf3 47. Qxh7+ Ke8 48. Qc7 g5 49. hxg5 Rxe3 50. fxe3 Qe2+ 1/2-1/2

[Event "Almaty Academy IM 6th"]
[Site "Almaty"]
[Date "2023.11.19"]
[Round "1"]
[White "Shonazarov, Orash"]
[Black "Gabrielian, Artur"]
[Result "1/2-1/2"]
[WhiteElo "2276"]
[BlackElo "2452"]
[PlyCount "42"]
[EventDate "2023.11.19"]
[EventType "tourn"]
[EventRounds "9"]
[EventCountry "KAZ"]
[EventCategory "4"]
[SourceTitle "CB48_2023"]
[SourceDate "2023.11.29"]
[SourceVersion "1"]
[SourceVersionDate "2023.11.29"]
[SourceQuality "1"]

1. e4 c5 2. Nf3 d6 3. Bb5+ Bd7 4. Bxd7+ Qxd7 5. 0-0 Nf6 6. Qe2 Nc6 7. c3 e6 8. d4 cxd4 9. cxd4 d5 10. e5 Ne4 11. Nbd2 Nxd2 12. Bxd2 Be7 13. g3 0-0 14. Kg2 f6 15. Bf4 Rae8 16. Rad1 Bd8 17. exf6 Bxf6 18. Be5 Rf7 19. Rd2 Bd8 20. Bf4 Bf6 21. Be5 Bd8 1/2-1/2

[Event "Almaty Academy IM 6th"]
[Site "Almaty"]
[Date "2023.11.19"]
[Round "2"]
[White "Shonazarov, Orash"]
[Black "Zverev, Lev"]
[Result "1-0"]
[WhiteElo "2276"]
[BlackElo "2361"]
[PlyCount "97"]
[EventDate "2023.11.19"]
[EventType "tourn"]
[EventRounds "9"]
[EventCountry "KAZ"]
[EventCategory "4"]
[SourceTitle "CB48_2023"]
[SourceDate "2023.11.29"]
[SourceVersion "1"]
[SourceVersionDate "2023.11.29"]
[SourceQuality "1"]

1. e4 e5 2. Nf3 Nc6 3. Bb5 a6 4. Ba4 Nf6 5. 0-0 b5 6. Bb3 Bc5 7. a4 Rb8 8. axb5 axb5 9. Nxe5 Nxe5 10. d4 Bxd4 11. Qxd4 d6 12. f4 Nc6 13. Qc3 Ne7 14. Ra7 c5 15. e5 Nfd5 16. Bxd5 Nxd5 17. Qf3 Qb6 18. Rxf7 c4+ 19. Kh1 Kxf7 20. Qxd5+ Be6 21. Qd1 Bf5 22. Qh5+ g6 23. Qh6 Qd8 24. Nd2 Qf8 25. Qh4 Qe7 26. Qh6 Qf8 27. Qh4 h5 28. Nf3 Qe7 29. Ng5+ Kg7 30. Be3 dxe5 31. fxe5 Rbd8 32. e6 Rhf8 33. Qg3 Rd5 34. h4 Kg8 35. c3 Re8 36. Bd4 Qd6 37. Qe3 Rxd4 38. cxd4 b4 39. d5 c3 40. bxc3 b3 41. Qa7 Re7 42. Qa8+ Kg7 43. Nf7 Rxf7 44. exf7 Qf8 45. Qb7 Qa3 46. d6 Qxd6 47. Qxb3 Qa6 48. Re1 Qf6 49. Re8 1-0

[Event "Astana Zhuldyzdary op-A"]
[Site "Astana"]
[Date "2023.07.11"]
[Round "1"]
[White "Shonazarov, Orash"]
[Black "Abdisalimov, Abdimalik"]
[Result "1/2-1/2"]
[WhiteElo "2018"]
[BlackElo "2451"]
[PlyCount "138"]
[EventDate "2023.07.11"]
[EventType "swiss"]
[EventRounds "10"]
[EventCountry "KAZ"]
[SourceTitle "CBM 215 Extra"]
[Source "ChessBase"]
[SourceDate "2023.09.30"]
[SourceVersion "1"]
[SourceVersionDate "2023.09.30"]
[SourceQuality "1"]

1. e4 c5 2. Nf3 d6 3. d4 cxd4 4. Nxd4 Nf6 5. Nc3 a6 6. Bg5 e6 7. Qe2 h6 8. Bd2 e5 9. Nf5 Be6 10. 0-0-0 Nbd7 11. g4 Rc8 12. h4 b5 13. Qf3 g6 14. Ne3 Be7 15. Kb1 Nc5 16. a3 Nfd7 17. b4 Nb7 18. g5 hxg5 19. h5 gxh5 20. Rxh5 Rg8 21. Ncd5 g4 22. Qh1 Nf6 23. Rh6 Bxd5 24. exd5 Bf8 25. Rh8 Rxh8 26. Qxh8 Ne4 27. Nxg4 Nxd2+ 28. Rxd2 Qg5 29. Nf6+ Ke7 30. Bh3 Rc4 31. Qxf8+ Kxf6 32. f4 Rxf4 33. Qh8+ Ke7 34. Qc8 Rxb4+ 35. axb4 Qxd2 36. Qxb7+ Kf6 37. Qd7 Qxb4+ 38. Kc1 Qf4+ 39. Kd1 e4 40. Qd8+ Kg7 41. Qd7 a5 42. Qf5 Qxf5 43. Bxf5 Kf6 44. Bxe4 Ke5 45. Bf3 Kd4 46. Kd2 b4 47. Bg2 f5 48. Bh3 f4 49. Bd7 Kxd5 50. Kd3 Ke5 51. Ba4 d5 52. Bb5 d4 53. Ke2 Kd5 54. Be8 Kc4 55. Kd2 f3 56. Bf7+ Kc5 57. Bb3 Kb5 58. Bd5 f2 59. Ke2 Kc5 60. Bb3 d3+ 61. cxd3 Kd4 62. Ba4 Kc3 63. Kxf2 b3 64. Bxb3 Kxb3 65. d4 Kc4 66. Ke3 a4 67. Kd2 a3 68. Kc2 Kxd4 69. Kb3 a2 1/2-1/2

[Event "Asian Continental op 20th"]
[Site "Almaty"]
[Date "2023.06.04"]
[Round "1"]
[White "Megaranto, Susanto"]
[Black "Shonazarov, Orash"]
[Result "1-0"]
[WhiteElo "2520"]
[BlackElo "2066"]
[PlyCount "95"]
[EventDate "2023.06.04"]
[EventType "swiss"]
[EventRounds "9"]
[EventCountry "KAZ"]
[SourceTitle "CBM 214 Extra"]
[Source "ChessBase"]
[SourceDate "2023.07.31"]
[SourceVersion "1"]
[SourceVersionDate "2023.07.31"]
[SourceQuality "1"]

1. d4 Nf6 2. Nf3 b6 3. Bg5 e6 4. e3 Bb7 5. Nbd2 Be7 6. Bd3 d5 7. Ne5 h6 8. Bf4 a6 9. Qf3 Nbd7 10. Qg3 g5 11. Nxd7 Kxd7 12. Be5 Bc6 13. 0-0 Kc8 14. c4 Kb7 15. cxd5 exd5 16. Rac1 Bd6 17. f4 Re8 18. Bxd6 Qxd6 19. fxg5 Qxg3 20. hxg3 Ng4 21. Rxf7 hxg5 22. e4 dxe4 23. Bxe4 Bxe4 24. Rfxc7+ Kb8 25. Nxe4 Ra7 26. Rxa7 Kxa7 27. Nf2 Nf6 28. Nd3 Re2 29. Rf1 Ne4 30. Re1 Nxg3 31. Rxe2 Nxe2+ 32. Kf2 Nxd4 33. Ke3 Nf5+ 34. Ke4 Ng3+ 35. Ke5 Nf1 36. Kf6 g4 37. Kg5 g3 38. Kf4 b5 39. Nc5 Kb6 40. Ne4 Kc6 41. Nxg3 Nh2 42. Nf5 Kd5 43. Ne3+ Kd4 44. Kg3 Kxe3 45. Kxh2 b4 46. g4 Kf4 47. Kh3 Kg5 48. Kg3 1-0